|
|
|
|
| LEADER |
00807nam a2200253 4500 |
| 001 |
DLU180183630 |
| 005 |
##20180105 |
| 040 |
# |
# |
|a DLU
|b vie
|
| 041 |
# |
# |
|a vie
|
| 044 |
# |
# |
|a vn
|
| 100 |
# |
# |
|a Đào Duy Quát.
|
| 245 |
# |
# |
|a Phương hướng đổi mới, phát triển phê bình văn học, nghệ thuật hiện nay /
|c Đào Duy Quát.
|
| 653 |
# |
# |
|a Lực lượng sáng tác
|
| 653 |
# |
# |
|a Nghệ thuật
|
| 653 |
# |
# |
|a Phê bình văn học
|
| 773 |
# |
# |
|t Tạp chí Lý luận, phê bình văn học, nghệ thuật
|g Số 29, 2015, tr. 4-13
|
| 920 |
# |
# |
|a Phòng Tạp chí --Trung tâm Thông tin - Thư viện Trường Đại học Đà Lạt
|
| 900 |
# |
# |
|a True
|
| 911 |
# |
# |
|a Lê Thị Hồng
|
| 925 |
# |
# |
|a G
|
| 926 |
# |
# |
|a A
|
| 927 |
# |
# |
|a BB
|
| 980 |
# |
# |
|a Thư viện Trường Đại học Đà Lạt
|